L'observation clinique et l'étude de cas (notice n° 1553125)

détails MARC
000 -LEADER
fixed length control field 01703cam a2200289zu 4500
003 - CONTROL NUMBER IDENTIFIER
control field FRCYB88950674
005 - DATE AND TIME OF LATEST TRANSACTION
control field 20251020123125.0
008 - FIXED-LENGTH DATA ELEMENTS--GENERAL INFORMATION
fixed length control field 251020s2020 fr | o|||||0|0|||fre d
020 ## - INTERNATIONAL STANDARD BOOK NUMBER
International Standard Book Number 9782200626853
035 ## - SYSTEM CONTROL NUMBER
System control number FRCYB88950674
040 ## - CATALOGING SOURCE
Original cataloging agency FR-PaCSA
Language of cataloging fr
Transcribing agency
Description conventions rda
100 1# - MAIN ENTRY--PERSONAL NAME
Personal name Pedinielli, Jean-Louis
245 01 - TITLE STATEMENT
Title L'observation clinique et l'étude de cas
Statement of responsibility, etc. ['Pedinielli, Jean-Louis', 'Fernandez, Lydia']
264 #1 - PRODUCTION, PUBLICATION, DISTRIBUTION, MANUFACTURE, AND COPYRIGHT NOTICE
Name of producer, publisher, distributor, manufacturer Armand Colin
Date of production, publication, distribution, manufacture, or copyright notice 2020
300 ## - PHYSICAL DESCRIPTION
Extent p.
336 ## - CONTENT TYPE
Content type code txt
Source rdacontent
337 ## - MEDIA TYPE
Media type code c
Source rdamdedia
338 ## - CARRIER TYPE
Carrier type code c
Source rdacarrier
520 ## - SUMMARY, ETC.
Summary, etc. La clinique se fonde sur l’observation fine des individus et des situations et sur la retranscription de leur histoire sous la forme d’« études de cas ». Ces deux pratiques ne vont nullement de soi, et le but de cet ouvrage, réactualisé dans cette 4e édition, est de donner au clinicien et futur clinicien les fondements de leur pleine maîtrise.Quels sont les principes épistémologiques, cliniques et éthiques à respecter ? Comment s’accorder avec les grands déterminants (référence à l’histoire singulière, primat du sens, approche de la subjectivité, transfert et contre-transfert…) ? Comment appréhender le cas, à la fois dans sa spécificité et dans son caractère paradigmatique lorsqu’il illustre une théorie ou révèle un fait ? Comment intégrer les données recueillies en respectant le temps du sujet ?   
650 #0 - SUBJECT ADDED ENTRY--TOPICAL TERM
Topical term or geographic name entry element
700 0# - ADDED ENTRY--PERSONAL NAME
Personal name Pedinielli, Jean-Louis
700 0# - ADDED ENTRY--PERSONAL NAME
Personal name Fernandez, Lydia
856 40 - ELECTRONIC LOCATION AND ACCESS
Access method Cyberlibris
Uniform Resource Identifier <a href="https://international.scholarvox.com/netsen/book/88950674">https://international.scholarvox.com/netsen/book/88950674</a>
Electronic format type text/html
Host name

Pas d'exemplaire disponible.

PLUDOC

PLUDOC est la plateforme unique et centralisée de gestion des bibliothèques physiques et numériques de Guinée administré par le CEDUST. Elle est la plus grande base de données de ressources documentaires pour les Étudiants, Enseignants chercheurs et Chercheurs de Guinée.

Adresse

627 919 101/664 919 101

25 boulevard du commerce
Kaloum, Conakry, Guinée

Réseaux sociaux

Powered by Netsen Group @ 2025